000 00788cab a2200205 4500
001 ABS37969
008 090401t1986 xxu||||| |||| 00| 0 eng d
035 _a(Sirsi) u7828
041 _aeng
100 _aEngland, J.
245 _aDeveloping a Cleveland industrial database
260 _c1986
350 _a0
490 _aBURISA
_vNewsletter (75) September 1986, 2-4(30
520 _aTraces the growth of an industrial database developed by Cleveland County Council, known as INDATA , which holds information on local firms. The system is being updated and there are plans to replace it with a more comprehensive database, to be called LINKDATA .
650 _aLOCAL AUTHORITIES
690 _aLANDLORD AND TENANT-CASE LAW-BUSINESS TENANCIES
942 _n0
948 _c04/03/1997
999 _c4763
_d4763